Normal view
MARC view
- Willard, Hobart H.
Entry Personal Name
001 - CONTROL NUMBER
- control field: 918
003 - CONTROL NUMBER IDENTIFIER
- control field: NUST
005 - DATE AND TIME OF LATEST TRANSACTION
- control field: 20170516155330.0
008 - FIXED-LENGTH DATA ELEMENTS
- fixed length control field: 170516|| aca||aabn | a|a d
040 ## - CATALOGING SOURCE
- Original cataloging agency: NUST
- Transcribing agency: NUST
100 ## - HEADING--PERSONAL NAME
- Personal name: Willard, Hobart H.
- Fuller form of name: (Hobart Hurd),
- Dates associated with a name: 1881-1974.
670 ## - SOURCE DATA FOUND
- Source citation: Work cat.: (NUST)0: Willard, Hobart H. (Hobart Hurd), 1881-1974., Instrumental methods of analysis, [1974]
